Detalles MARC
| 000 -ENCABEZADO |
| Número de control [NR] |
01616nam a2200325Ia 4500 |
| 008 - DE LONGITUD FIJA DE DATOS DE ELEMENTOS - INFORMACIÓN GENERAL |
| Elementos de longitud fija [NR] |
130821s1947 xxua gs eng |
| 020 ## - NUMERO INTERNACIONAL NORMALIZADO PARA LIBROS [R] |
| Número Internacional Normalizado del libro [NR] |
783219571 |
| 040 ## - FUENTE DE CATALOGACION [NR] |
| Agencia de catalogación original [NR] |
Co-BoUCM |
| Idioma de catalogación [NR] |
spa |
| 041 00 - CODIGO DE IDIOMA [R] |
| Código de idioma para texto/pista de sonido o título separado [R] |
Inglés |
| 092 ## - SIGNATURA TOPOGRAFICA LOCAL |
| Número de clasificación local |
DVD 0493 |
| 245 03 - MENCION DE TITULO [NR] |
| Título [NR] |
Gentleman's agreement |
| Mención de responsabilidad, etc. [NR] |
[DVD] |
| -- |
[dirigida por] Oliver Stone |
| 246 13 - FORMA VARIANTE DEL TITULO [R] |
| Título propiamente dicho/forma breve del título [NR] |
La barrera invisible |
| 260 ## - PUBLICACION, DISTRIBUCION, ETC. (PIE DE IMPRENTA) [R] |
| Lugar de publicación, distribución, etc. [R] |
Washington D.C. (Estados Unidos) |
| Nombre del editor, distribuidor, etc. [R] |
20th Century Fox |
| Fecha de publicación, distribución, etc. [R] |
1947 |
| 300 ## - DESCRIPCION FISICA [R] |
| Extensión [R] |
1 DVD (118 min. ) |
| Otros detalles físicos [NR] |
son. byn |
| 490 #0 - MENCION DE SERIE [R] |
| Mención de serie [R] |
Studio Classics |
| 500 ## - NOTA GENERAL [R] |
| Nota general [NR] |
SINOPSIS : Un escritor que realiza un libro sobre el antisemitismo se hace pasar por judío, sorprendiéndose de la cantidad de problemas y las reacciones de amigos y compañeros de trabajo que conlleva profesar esta religión. |
| 508 ## - NOTA DE CREDITOS DE CREACION/PRODUCCION [R] |
| Nota de créditos de creación/producción [NR] |
Director, Elia Kazan; Productor, Darryl F. Zanuck ; Guión, Moss Hart; Música, Alfred Newman; Fotografía, Arthur Miller (B&N). |
| 511 ## - NOTA DE PARTICIPANTE O INTERPRETE [R] |
| Nota de participante o intérprete [NR] |
Gregory Peck, Dorothy McGuire, John Garfield, Celeste Holm, Anne Revere, June Havoc, Albert Dekker, Jane Wyatt, Dean Stockwell. |
| 546 ## - NOTA DE IDIOMA [R] |
| Nota de idioma [NR] |
Audio en Inglés, Español y Francés. Subtítulos en Inglés y Español. |
| 650 04 - ASIENTO SECUNDARIO DE MATERIA - TERMINO TEMATICO [R] |
| Término temático o nombre geográfico como elemento de entrada [NR] |
Entretenimiento |
| 9 (RLIN) |
26487 |
| 650 04 - ASIENTO SECUNDARIO DE MATERIA - TERMINO TEMATICO [R] |
| Término temático o nombre geográfico como elemento de entrada [NR] |
Escritores en el cine |
| Subdivisión de forma [R] |
DVD |
| 9 (RLIN) |
14784 |
| 650 04 - ASIENTO SECUNDARIO DE MATERIA - TERMINO TEMATICO [R] |
| Término temático o nombre geográfico como elemento de entrada [NR] |
Judíos en el cine |
| Subdivisión de forma [R] |
DVD |
| 9 (RLIN) |
18102 |
| 650 04 - ASIENTO SECUNDARIO DE MATERIA - TERMINO TEMATICO [R] |
| Término temático o nombre geográfico como elemento de entrada [NR] |
Judíos |
| Subdivisión general [R] |
Condiciones políticas y sociales |
| Subdivisión de forma [R] |
DVD |
| 9 (RLIN) |
18096 |
| 650 04 - ASIENTO SECUNDARIO DE MATERIA - TERMINO TEMATICO [R] |
| Término temático o nombre geográfico como elemento de entrada [NR] |
Películas cinematográficas |
| Subdivisión geográfica [R] |
Estados Unidos |
| Subdivisión de forma [R] |
DVD |
| 9 (RLIN) |
7903 |
| 650 04 - ASIENTO SECUNDARIO DE MATERIA - TERMINO TEMATICO [R] |
| Término temático o nombre geográfico como elemento de entrada [NR] |
Sociología |
| 9 (RLIN) |
386 |
| 700 1# - ASIENTO SECUNDARIO - NOMBRE PERSONAL [R] |
| Nombre personal [NR] |
Kazan, Elia |
| Término de relación [R] |
|
| 710 2# - ASIENTO SECUNDARIO - NOMBRE CORPORATIVO [R] |
| Nombre corporativo o de jurisdicción como elemento de entrada [NR] |
Twentieth Century Fox |
| 856 04 - LOCALIZACION Y ACCESO ELECTRONICOS [R] |
| Identificador Uniforme del Recurso (“URI”) [R] |
<a href="http://www.youtube.com/watch?v=KYDIWrcevkQ">http://www.youtube.com/watch?v=KYDIWrcevkQ</a> |
| Nota dirigida al público [R] |
Siga este vínculo para ver el trailer. |
| 942 ## - ELEMENTOS DE ENTRADA AGREGADOS (KOHA) |
| Tipo de ítem principal el descrito en 300a |
Multimedia |
| Sistema de clasificación |
LOCAL |
| Tema principal |
Sociología |
| Edición |
1 |